| 000 | 00483nam a22001817a 4500 | ||
|---|---|---|---|
| 003 | DO-SdBNP | ||
| 005 | 20220531093034.0 | ||
| 007 | ta | ||
| 008 | 110301s19uu cu acd 000 0 spa d | ||
| 040 |
_aDO-SdBNP _bspa _cBNPHU |
||
| 082 |
_axxxx _bxxx |
||
| 245 | 0 | 0 |
_aHerminio Orizondo : _btodo bondad 1889-1987 / |
| 260 |
_a[Cuba] : _b[s.d.]. _c[198-]. |
||
| 300 |
_a56 p. : _bil., retr., graf. _c21 cm. |
||
| 590 | _aInventariado, 2022/ YL | ||
| 910 | _aYLockward | ||
| 942 |
_2ddc _cLBS1 |
||
| 999 |
_c51850 _d51850 |
||